| 000 | 00819nam a22002657a 4500 | ||
|---|---|---|---|
| 001 | 000392 | ||
| 003 | DO-SdBNP | ||
| 005 | 20180126105100.0 | ||
| 007 | 000392 | ||
| 008 | 160714b 1984 sp ||||| |||| 00| 0 spa d | ||
| 020 | _a8475251927 | ||
| 040 |
_aBPMSU _bspa _cBPMSU |
||
| 092 |
_axxxxx _bxxxxx |
||
| 100 | 1 |
_aLacruz, Mario, _e1929-2000. |
|
| 245 | 1 | 0 |
_aEl inocente / _cMario Lacruz ; apéndice Constantino Bértolo Cadenas ; ilustración Shula Goldman. |
| 260 |
_aMadrid : _bAnaya, _c1984 |
||
| 300 |
_a231 p. : _bil. ; _c20 cm. |
||
| 490 | 1 |
_aTus libros _aPoliciacos _v46 |
|
| 700 | 1 | 2 | _aBértolo Cadenas, Constantino |
| 700 | 1 | 2 |
_aGoldman, Shula, _eil. |
| 830 | 0 |
_aTus libros ; _pPoliciacos _v46 |
|
| 942 |
_2ddc _cBK |
||
| 945 | _aInventariado, 2018 /LP | ||
| 956 |
_2LOPEREZ _310 _620160714 _8BPMSU _a00041 |
||
| 999 |
_c10888 _d10888 |
||